1983 1400 1136 1217 1334 1587 1503 1477 1926 1745 1860 1231 1878 1617 1933 1877 1738 1974 1312 1265 1296 1441 1273 1552 1568 1510 1522 1664 1382 1689 1335 1229 1843 1948 1393 1801 1066 1489 1159 1538 1338 1156 1789 1259 1100 1486 1515 1508 1918 1511 1670 1000 1554 1074 1530 1441 1660 1729 1416 1619 1938 1952 1820 1810 1917 1048 1633 1321 1539 1900 1008 1938 1937 1116 1655 1869 1841 1044 1280 1398 1174 1783 1496 1993 1499 1103 1232 1175 1708 1520 1027 1955 1209 1528 1853 1687 1372 1833 1573 BCNSPRNW ULIB Ver.6.0+V

เปลี่ยนเป็นภาษาไทย

Change to English
 แสดงรายละเอียดบรรณานุกรม
  กลับหน้าหลัก

Brief Record : Get Marc (ISO 2709) : E-mail record : QR code < ปิดหน้าต่าง
LEADER : 00000nam 2200000uu 4500
001    13399121735
003     ULIB
008    121204s2546||||th 000 0 tha d
020    ^a9744820357
060 04 ^aWE304^bส241น 2546
100 0  ^aสมชาย เอื้อรัตนวงศ์
245 10 ^aแนวทางการดูแลผู้ป่วยโรคข้อ =^bApproach to joint diseasepatient /^cสมชาย เอื้อรัตนวงศ์
246 31 ^aApproach to joint disease patient
250    ^aพิมพ์ครั้งที่ 1
260    ^aกรุงเทพฯ :^bโรงพิมพ์เรือนแก้วการพิมพ์,^c2546
300    ^a[14], 402 หน้า :^bภาพประกอบ ;^c27 ซม.
650  2 ^aJoint Diseases
650  2 ^aRheumatic Diseases
650  2 ^aOsteoarthritis
650  7 ^aกระดูกและข้ออักเสบ
650  7 ^aข้อ^xโรค
650  7 ^aรูมาติสม
945    ^p270^l0^i12804
945    ^p270^l0^i12805
995    ^aกัณชพร
999 ^a ใช้งานได้ทุกระบบ
รายการนี้ยังไม่มีแท็ก
คุณยังไม่ได้ล็อกอิน คุณสามารถมีกิจกรรมร่วมกับเว็บไซต์ได้ แต่ต้องล็อกอินก่อน ::
  ล็อกอิน

รายการสื่อสารสนเทศ

ลำดับที่ ประเภท เลขเรียก/บาร์โค้ด สถานที่ สถานะ
1. วิทยาศาสตร์การแพทย์ และสุขภาพ
วิทยาศาสตร์การแพทย์ และสุขภาพ
WE304 ส241น 2546  
  Barcode: 12804
ห้องสมุดวิทยาเขตสวรรค์ประชารักษ์
►หนังสือทั่วไป
บนชั้น
2. วิทยาศาสตร์การแพทย์ และสุขภาพ
วิทยาศาสตร์การแพทย์ และสุขภาพ
WE304 ส241น 2546 ฉ.2 
  Barcode: 12805
ห้องสมุดวิทยาเขตสวรรค์ประชารักษ์
►หนังสือทั่วไป
บนชั้น

รายการใกล้เคียง
    ผู้แต่ง [สมชาย เอื้อรัตนวงศ์]

    หัวเรื่อง [Joint Diseases]
    หัวเรื่อง [Rheumatic Diseases]
    หัวเรื่อง [Osteoarthritis]
    หัวเรื่อง [กระดูกและข้ออักเสบ]
    หัวเรื่อง [รูมาติสม]

BibComment


ยังไม่เคยถูกคอมเมนท์

คอมเมนท์ทรัพยากรรายการนี้
  คอมเมนท์: แนวทางการดูแลผู้..


 Copyright 2026. Bcnsprnw @Library